Structural analysis / (Record no. 546794)

000 -LEADER
fixed length control field 00517cam a2200169 a 4500
020 ## - INTERNATIONAL STANDARD BOOK NUMBER
International Standard Book Number 9780132570534
082 ## - DEWEY DECIMAL CLASSIFICATION NUMBER
Classification number 624.171
Author Mark HIB
-- N-01, P-89
100 1# - MAIN ENTRY--PERSONAL NAME
Personal name Hibbeler, R. C.
9 (RLIN) 1019
245 10 - TITLE STATEMENT
Title Structural analysis /
Statement of responsibility, etc. R.C. Hibbeler.
250 ## - EDITION STATEMENT
Edition statement 5th ed.
260 ## - PUBLICATION, DISTRIBUTION, ETC.
Place of publication, distribution, etc. Boston :
Name of publisher, distributor, etc. Prentice Hall Pearson,
Date of publication, distribution, etc. c2012.
300 ## - PHYSICAL DESCRIPTION
Extent xviii, 600 p. :
Other physical details ill. ;
Dimensions 24 cm.
500 ## - GENERAL NOTE
General note Includes index.
526 ## - STUDY PROGRAM INFORMATION NOTE
Program name 0
Interest level 0
Reading level 0
Title point value 624_171000000000000_HIB
650 #0 - SUBJECT ADDED ENTRY--TOPICAL TERM
Topical term or geographic name entry element Structural analysis (Engineering)
Topical term following geographic name entry element NUST
9 (RLIN) 36260
942 ## - ADDED ENTRY ELEMENTS (KOHA)
Source of classification or shelving scheme
Koha item type Book
Holdings
Withdrawn status Lost status Source of classification or shelving scheme Damaged status Not for loan Permanent Location Current Location Date acquired Total Checkouts Total Renewals Full call number Barcode Date last seen Date last checked out Price effective from Koha item type
          Military College of Engineering (MCE) Military College of Engineering (MCE) 06/19/2014 2 2 624.171 HIB MCE-36581 03/13/2018 03/28/2016 06/19/2014 Book
© 2023 Central Library, National University of Sciences and Technology. All Rights Reserved.